NBA Basketball ESPN Top 100 Players of All Time - Statistics

General Stats
  • This quiz has been taken 3,428 times
  • The average score is 51 of 100
Answer Stats
# Hint Answer % Correct
1 SG Bulls, Wizards 1984-1993, 1995-1998, 2001-2003 Air Jordan Michael Jordan
99%
3 SF Cavaliers, Heat 2003-present King James LeBron James
90%
12 SG Lakers 1996-2016 The Black Mamba Kobe Bryant
81%
6 SF Celtics 1979-1992 The Hick from the French Lick Larry Bird
78%
9 C Magic, Lakers, Heat, Suns, Cavaliers, Celtics 1992-2011 Diesel Shaquille O'Neal
78%
4 PG Lakers 1979-1991, 1995-1996 Earvin Johnson
77%
8 PF Spurs 1997-2016 The Big Fundemental Tim Duncan
77%
84 PG Supersonics, Suns, Celtics 1976-1990 Dennis Johnson
76%
13 SG Lakers 1960-1974 The Logo Jerry West
76%
23 PG Warriors 2009-present Baby Faced Assassin Stephen Curry
76%
22 SF Supersonics, Thunder, Warriors 2007-present Durantula Kevin Durant
75%
5 C 76ers, Lakers 1959-1973 The Big Dipper Wilt Chamberlain
75%
7 C Celtics 1956-1969 Bill Russell
74%
29 PG Hornets, Clippers 2005-present CP3 Chris Paul
73%
14 SF Nets, 76ers 1971-1987 Dr.J Julius Erving
73%
16 PF Jazz, Lakers 1985-2004 The Mailman Karl Malone
73%
15 C Rockets, 76ers, Bullets, Hawks, Bucks, Spurs 1974-1995 Chairman of the Boards Moses Malone
72%
21 PF Timberwolves, Celtics, Nets 1995-2016 The Big Ticket Kevin Garnett
71%
11 PG Bucks 1960-1974 Big O Oscar Robertson
71%
27 SG Heat, Bulls 2003-present Flash Dwyane Wade
70%
25 SF Bulls,Rockets, Trail Blazers 1987-2004 Pip Scottie Pippen
70%
20 C Spurs 1989-2003 The Admiral David Robinson
69%
17 PF Mavericks 1998-present Dirk Nowitzki
69%
10 C Rockets, Raptors 1984-2002 The Dream Hakeem Olajuwon
69%
19 PG Jazz 1984-2003 John Stockton
69%
18 PF 76ers, Suns, Rockets 1984-2000 The Round Mound of Rebound Charles Barkley
67%
36 SG Blazers, Rockets 1984-1998 Clyde the Glide Clyde Drexler
66%
26 PG Pistons 1981-1994 Zeke Isiah Thomas
66%
46 PG/SG 76ers, Nuggets, Pistons, Grizzlies 1996-2010 The Answer Allen Iverson
65%
30 PG Suns, Mavericks, Lakers 1996-2015 Two Time Steve Nash
65%
49 PG Thunder 2008-present Russell Westbrook
64%
97 SG Thunder, Rockets 2009-present The Beard James Harden
63%
32 C Knicks, Supersonics, Magic 1985-2002 Big Pat Patrick Ewing
63%
59 SF Nuggets, Knicks 2003-present Melo Carmelo Anthony
62%
45 SF Celtics, Nets,Wizards, Clippers 1998-present The Truth Paul Pierce
62%
64 PF Pistons, Spurs, Bulls, Lakers, Mavericks 1986-2000 The Worm Dennis Rodman
61%
50 SG Bucks, Supersonics, Celtics, Heat 1996-2014 Jesus Shuttlesworth Ray Allen
61%
41 PG Supersonics, Bucks, Lakers, Celtics, Heat 1990-2007 The Glove Gary Payton
60%
51 SG Pacers 1987-2005 Reggie Miller
59%
69 SG Raptors, Nets, Magic, Suns, Mavericks, Grizzlies 1998-present Air-Canada Vince Carter
59%
35 PG Mavericks, Suns, Nets, Knicks 1994-2013 Jason Kidd
58%
67 C Magic, Lakers, Rockets 2004-present Superman Dwight Howard
57%
43 SF Lakers 1982-1994 Big Game James James Worthy
57%
2 C Bucks, Lakers 1969-1989 Cap Kareem Adbul Jabbar
57%
56 C/PF Grizzlies, Lakers, Bulls 2001-present Pau Gasol
57%
58 PG Spurs 2002-present Tony Parker
57%
95 C Memphis Grizzlies 2008-present Marc Gasol
56%
44 SF Hawks, Clippers, Celtics, Spurs, Magic 1982-1997, 1999 Human Highlight Film Dominique Wilkins
53%
24 SF Lakers 1958-1971 Mr.Inside Elgin Baylor
53%
31 PF Celtics 1980-1993 Black Hole Kevin McHale
53%
66 PF Warriors, Wizards, Kings, 76ers, Pistons 1993-2008 C-Webb Chris Webber
52%
28 SF/SG Celtics 1962-1978 Hondo John Havlicek
51%
71 SG Hawks, Jazz, Celtics 1970-1980 Pistol Pete Pete Maravich
51%
86 PF Raptors, Heat 2003-present Chris Bosh
50%
99 PF Timberwolves, Cavaliers 2008-present Kevin Love
50%
75 PF Clippers 2009-present Blake Griffin
49%
39 PG Celtics, Royals 1950-1963, 1969-1970 Houdini of the Hardwood Bob Cousy
49%
47 SF/SG Spurs, Bulls 1972-1986 Iceman George Gervin
48%
61 SG Spurs 2002-present Manu Ginobili
48%
65 C Hornets, Heat, Nets 1992-2002, 2003-2004,2005-2008 Zo Alonzo Mourning
47%
63 SG Raptors, Magic, Rockets, Knicks, Pistons, Hawks 1997-2012 The Big Sleep Tracy McGrady
47%
42 C Blazers, Clippers, Celtics 1974-1978, 1979-1980, 1982-1987 Bill Walton
46%
89 C Rockets 2002-2011 Yao Ming
46%
33 C Lakers 1947-1956 Mr.Basketball George Mikan
45%
34 PF/C Hawks 1954-1965 Big Blue Bob Pettit
44%
38 PG Knicks, Cavaliers 1967-1980 Clyde Walt Frazier
44%
76 PG Nets, Celtics, Bucks 1970-1977, 1978-1984 Tiny Nate Archibald
42%
100 PF Supersonics, Cavaliers, Blazers, Magic 1989-2003 Reign Man Shawn Kemp
42%
53 C Bullets 1968-1981 Wes Unseld
42%
57 C Warriors, Celtics, Hornets, Bulls 1976-1997 The Chief Robert Parish
41%
40 PF/C Rockets, Bullets 1968-1984 The Big E Elvin Hayes
38%
48 C Knicks 1964-1974 The Captain Willis Reed
38%
73 C Nuggets, Hawks, 76ers, Nets, Knicks, Rockets 1991-2009 Dikembe Mutombo
37%
77 SG Pistons 1985-1999 Joe Dumars
37%
37 SF Warriors, Capitals, Nets, Rockets 1965-1980 The Miami Greyhound Rick Barry
37%
52 C/PF Braves, Knicks, Celtics, Pistons, Nets ,Lakers, 76ers 1972-1986 Bob McAdoo
34%
82 SG Nuggets, SuperSonics 1975-1984 Skywalker David Thompson
33%
96 PF Nuggets, 76ers 1974-1986 Bobby Jones
32%
87 PG Celtics, Raptors, Nuggets, Timberwolves, Pistons, Knicks, Clippers 1997-2014 Mr. Big Shot Chauncey Billups
32%
83 SF Warriors, Pacers 1985-2001 Chris Mullin
32%
78 SG Celtics 1957-1969 Sam Jones
32%
62 SF Bucks, Pacers, Nuggets, Mavericks 1976-1991 Alex English
31%
92 PF Warriors, Bulls, Cavaliers 1963-1977 Nate the Great Nate Thurmond
28%
80 SF Pistons, Magic, Suns, Clippers 1994-2013 Grant Hill
27%
54 SF Nets, Jazz, Warriors, Knicks, Bullets 1979-1991, 1992-1993 Bernard King
26%
94 PG Cavaliers, Bullets, Warriors, Magic 1986-1998 Mark Price
26%
70 C Bulls, Spurs, Celtics 1971-1988 The A-Train Artis Gilmore
25%
55 C/PF Celtics, Bucks 1970-1980, 1982-1983 Big Red Dave Cowens
25%
60 SG Bullets, Knicks 1967-1980 Black Jesus Earl Monroe
24%
90 SF Warriors 1950-1962 Pitchin' Paul Paul Arizin
22%
68 C Pistons, Bucks 1970-1984 Dobber Bob Lanier
21%
81 SG Bucks, Hawks 1979-1991 The Squid Sidney Moncrief
21%
72 SF Pacers, Lakers, Jazz, Pistons, Mavericks, Bucks 1976-1991 Adrian Dantley
19%
74 PF 76ers 1949-1963 Dolph Schayes
19%
88 SF 76ers 1965-1974 Kangaroo Kid Billy Cunningham
17%
98 SG Lakers, Suns, Jazz 1965-1979 Stumpy Gail Goodrich
16%
85 PF Pistons, Knicks 1962-1968,1969-1974 Dave DeBusschere
15%
91 PG 76ers, Spurs, Knicks, Hawks, Nets 1978-1993 Maurice Cheeks
15%
93 PG Supersonics, Cavaliers, Lakers 1960-1975 Lenny Wilkens
12%
79 PF Knicks 1963-1974 Jerry Lucas
3%
No matching quizzes found
Score Distribution
Percent of People with Each Score
Percentile by Number Answered
Your Score History
You have not taken this quiz